| 000 | 00495nam a22001817a 4500 | ||
|---|---|---|---|
| 003 | NUST-PNEC | ||
| 005 | 20170116180701.0 | ||
| 008 | 140909b xxu||||| |||| 00| 0 eng d | ||
| 040 | _cPNEC | ||
| 082 | _a658.4 VIR | ||
| 100 |
_9272 _aDr. Mukhtar Ahmed |
||
| 245 |
_aOrganizational behaviour MGT-502 (Lecture Notes) _cDr. Mukhtar Ahmed |
||
| 260 |
_aLahore _bVirtual University of Pakistan _cc.2012 |
||
| 300 |
_a217 p. : _c26 cm. |
||
| 500 | _aLecture Notes | ||
| 650 | _xMIS | ||
| 942 |
_2ddc _cBK |
||
| 999 |
_c60555 _d60555 |
||